| 000 | 00700nam a2200253I 4500 | ||
|---|---|---|---|
| 001 | 12976 | ||
| 003 | 000000 | ||
| 005 | 20250618121851.0 | ||
| 008 | 750415s19121911enk 00000 eng d | ||
| 010 | _aca 11003371 D | ||
| 020 | _a0416376606 | ||
| 040 |
_cMDY _dCIN _aBSUL |
||
| 050 |
_aLB1051 _b.W4 |
||
| 082 |
_222 _a370.15 _bSTO |
||
| 100 | 1 | 0 |
_aStones, Edgar. _916415 |
| 245 | 1 | 0 |
_aPsychology of education: _cby J. Welton _bA pedagogical approach/ |
| 260 | 0 |
_aLondon: _bMETHUEN, _c1979. |
|
| 300 |
_axxi, 507 p. _c23 cm |
||
| 500 | _aIncludes bibliographical references and index | ||
| 600 | _2Psychology | ||
| 600 | _2Education | ||
| 650 | 0 |
_aEducational psychology _93320 |
|
| 942 |
_2ddc _cBK |
||
| 999 |
_c12976 _d12976 |
||